Statistics for Super Smash Bros. Ultimate DLC Fighters Quiz

Click here to take the quiz!

General Stats

  • This quiz has been taken 48 times
    (38 since last reset)
  • The average score is 12 of 13

Answer Stats

#Character% Correct
73Banjo & Kazooie
97%
71Joker
97%
70Piranha Plant
97%
74Terry
94%
75Byleth
91%
72Hero
91%
80Mythra
91%
82Sora
91%
77Steve / Alex
91%
81Kazuya
88%
76Min Min
88%
79Pyra
88%
78Sephiroth
88%

Score Distribution

Percentile by Number Answered

Percent of People with Each Score

Your Score History

You have not taken this quiz since the last reset